| 000 | 00646cam a2200193 4500 | ||
|---|---|---|---|
| 001 | J64332 | ||
| 008 | 000000n1970 000 0 eng u | ||
| 035 | _a(Sirsi) u112299 | ||
| 110 |
_aInstitute of Building Control _93341 |
||
| 245 | 4 | _aThe Institute of Building Control weekend school 1970 | |
| 260 |
_aEpsom _bIBC _c1970 |
||
| 300 | _a52p. ; 30cm. | ||
| 520 | _aStored in basement. Held at University Hall Birchwood Road Cardiff 10th-12th April 1970 | ||
| 650 | _aIBC | ||
| 650 | _aINSTITUTE OF BUILDING CONTROL | ||
| 650 | _aPROFESSIONAL ASSOCIATIONS | ||
| 690 | _aMANAGEMENT-BUSINESS MANAGEMENT-PROFESSIONAL PRACTICE | ||
| 942 | _n0 | ||
| 999 |
_c101395 _d101395 |
||